ScotlandsPlaces (Record no. 120857)

MARC details
000 -LEADER
fixed length control field 01266cai a22001935a 4500
001 - CONTROL NUMBER
control field E149848
008 - FIXED-LENGTH DATA ELEMENTS--GENERAL INFORMATION
fixed length control field 100505u xxk g 000 0 eng d
035 ## - SYSTEM CONTROL NUMBER
System control number (Sirsi) u149848
041 0# - LANGUAGE CODE
Language code of text/sound track or separate title eng
110 2# - MAIN ENTRY--CORPORATE NAME
Corporate name or jurisdiction name as entry element Royal Commission on the Ancient and Historical Monuments of Scotland
9 (RLIN) 5593
245 00 - TITLE STATEMENT
Title ScotlandsPlaces
Medium [electronic resource]
520 ## - SUMMARY, ETC.
Summary, etc. Website which brings together information on places in Scotland, past and present. Includes digital copies of maps and plans of cities, towns, villages, farms, roads, canals, harbours, churches, schools, public buildings, private houses, mines and quarries; photographs of the built environment from the collections of The Royal Commission on the Ancient and Historical Monuments of Scotland; archaeological reports on historic and prehistoric sites; manuscript records and printed books, including tax rolls, owners of land and heritages, and the annual reports of county Medical Officers of Health.
590 ## - LOCAL NOTE (RLIN)
Local note KA
710 2# - ADDED ENTRY--CORPORATE NAME
Corporate name or jurisdiction name as entry element National Archives of Scotland
9 (RLIN) 5844
710 2# - ADDED ENTRY--CORPORATE NAME
Corporate name or jurisdiction name as entry element University of Edinburgh
Subordinate unit School of GeoSciences
9 (RLIN) 5845
710 2# - ADDED ENTRY--CORPORATE NAME
Corporate name or jurisdiction name as entry element Scotland
Subordinate unit Scottish Government
9 (RLIN) 5344
856 40 - ELECTRONIC LOCATION AND ACCESS
Uniform Resource Identifier <a href="https://www.scotlandsplaces.gov.uk/">https://www.scotlandsplaces.gov.uk/</a>
Public note View the website free of charge at www.scotlandsplaces.gov.uk
942 ## - ADDED ENTRY ELEMENTS (KOHA)
Suppress in OPAC 0
Holdings
Withdrawn status Lost status Source of classification or shelving scheme Damaged status Not for loan Home library Current library Shelving location Date acquired Total Checkouts Full call number Barcode Date last seen Copy number Price effective from Koha item type
    Dewey Decimal Classification     Virtual Virtual Online 05/05/2010   WEBSITE 149848-2001 06/08/2019 1 06/08/2019 Online material